000 00971nam a22002537a 4500
005 20170705140145.0
010 _aBAC-EN21
020 _a9788121935203
_c350.00
020 _a8121935202
_c350.00
035 _aB-589138-177
035 _aB-668087
037 _bDBAD/PUB
037 _bTechniz/Ven
_adpl
082 _a485
100 _aBhardwaj, A.P.
245 0 0 _aEssential english for competitions :
_bfor CWE, CTET/STETs, NTSE/STSE, Police, Defence, Railway, Insurance & SSC Examinations /
_cby A.P.Bhardwaj
250 _a2nd ed
260 _aNew Delhi
_bS.Chand
_c2014
270 _a7361, Ram Nagar
_bNew Delhi
_e110055
300 _avarious pagings
_c24cm (pbk)
942 _2ddc
_cEN
_mBHA
_h485
999 _c88904
_d88904